|
|
|
|
| LEADER |
00000nab a2200000 a 4500 |
| 001 |
vtls000155770 |
| 003 |
SK-MaSNL |
| 005 |
20260304071548.0 |
| 008 |
250422c1983 xo 0 slo |
| 015 |
|
|
|a SNBRB19rr/mm-uuuuu
|
| 035 |
|
|
|a CL0165877
|
| 035 |
|
|
|a urn:nbn:sk:snk-ab1xhg
|
| 035 |
|
|
|a (urnnbn)urn:nbn:sk:snk:ar-a016nz
|
| 035 |
|
|
|a (uuid)851e0501-edfb-419a-a6a1-e3ca8bc04a45
|
| 040 |
|
|
|a SNKBUCL
|b slo
|c SNKBUCL
|e AACR2
|
| 041 |
0 |
|
|a cze
|
| 044 |
|
|
|a xo
|c SK
|
| 080 |
|
|
|a 312:911.3
|2 1981
|
| 080 |
|
|
|a 911.3
|2 1981
|
| 100 |
1 |
|
|a Andrle, Alois
|4 aut
|9 276405
|
| 245 |
1 |
0 |
|a Současné procesy populačního vývoje ČSSR a jejich význam pro geografii
|c Alois Andrle, Vladimír Srb
|
| 300 |
|
|
|b Grafy 3. Tb. 13. Res. rus., angl.
|
| 650 |
0 |
7 |
|a populácia
|2 snkbucl
|9 17913
|
| 650 |
0 |
7 |
|a populačná politika
|2 snkbucl
|9 49922
|
| 655 |
|
7 |
|a články z novín a časopisov
|2 snkbucl
|9 267496
|
| 700 |
1 |
|
|a Srb, Vladimír,
|d 1917-2006
|4 aut
|9 174511
|
| 773 |
0 |
|
|t Geografický časopis
|g Roč. 35, č. 1 (1983), s. 32-49
|
| 850 |
|
|
|a Slovenská národná knižnica
|
| 852 |
|
|
|a Slovenská národná knižnica
|
| 954 |
|
|
|a odborná, vedecká literatúra cudzojazyčná (svetová)
|2 lita
|
| 958 |
|
|
|a article27
|
| 958 |
|
|
|a RK
|
| 958 |
|
|
|a CZ
|
| 958 |
|
|
|a OND
|
| 958 |
|
|
|a EUIPO
|
| 992 |
|
|
|a RBX
|
| 999 |
|
|
|c 2760959
|d 2762889
|